| 000 | 00585nam a22001937a 4500 | ||
|---|---|---|---|
| 005 | 20250409123305.0 | ||
| 010 | _aENG-144538 | ||
| 020 |
_a9788189941079 _c150.00 |
||
| 035 | _aEN-128070 | ||
| 037 | _bDBAD | ||
| 082 |
_a576.5 _21st |
||
| 100 |
_aMEYYAN, R.P. _980504 |
||
| 245 |
_aGenetics/ _cR.P. Meyyan |
||
| 250 | _a1st | ||
| 260 |
_aKanyakumari _bSaras Publication _c1982 |
||
| 270 |
_a114/35G, A.R.P. Camp Road, Periavilai, Kottar P.O., Nagercoil, _bKanyakumari _k09842123441 _e629002 |
||
| 300 |
_axiv, 465p. _c22 cm(Pbk) |
||
| 942 |
_2ddc _cEN _h576.5 _mMEY _e1 |
||
| 999 |
_c210919 _d210919 |
||